000 00675nam a22001937a 4500
005 20240802151349.0
010 _aENG-141163
020 _a9788196111656
_c995.00
035 _aEN-124695
037 _bDBAD
082 _a921
100 _aRakesh Kumar Singh
_969348
245 _aSardar Vallabhai Patel/
_cWriter Rakesh Kumar Singh
_hEnglish
_bHis Contribution to India's Freedom Struggle
260 _aNew Delhi
_bBarkha Publications
_c2023
270 _a111, Street No. 4, Harphool Vihar, Bapraula
_bNew Delhi
_e110043
_k9711794351
_mbarkhapublications@gmail.com
300 _a310p.;
_c22cm(hb)
700 _aRakesh
_969267
942 _2ddc
_cEN
_h921
_mRak
999 _c204763
_d204763